Primal leadership learning to lead with emotional intelligence / (Record no. 347736)
[ view plain ]
| 000 -LEADER | |
|---|---|
| fixed length control field | 00611 a2200169 4500 |
| 020 ## - INTERNATIONAL STANDARD BOOK NUMBER | |
| International Standard Book Number | 1591391849 (paperback) |
| 020 ## - INTERNATIONAL STANDARD BOOK NUMBER | |
| International Standard Book Number | 9781591391845 (paperback) |
| 090 ## - LOCALLY ASSIGNED LC-TYPE CALL NUMBER (OCLC); LOCAL CALL NUMBER (RLIN) | |
| -- | 5324 |
| -- | 5324 |
| 100 1# - MAIN ENTRY--PERSONAL NAME | |
| Personal name | Goleman, Daniel. |
| 245 10 - TITLE STATEMENT | |
| Title | Primal leadership learning to lead with emotional intelligence / |
| Statement of responsibility, etc. | Daniel Goleman, Richard Boyatzis, Annie McKee. |
| 260 ## - PUBLICATION, DISTRIBUTION, ETC. | |
| Place of publication, distribution, etc. | [S.l.] : |
| Name of publisher, distributor, etc. | Harvard Businsa School, |
| Date of publication, distribution, etc. | 2002. |
| 300 ## - PHYSICAL DESCRIPTION | |
| Extent | 306 p. ; |
| Dimensions | 21 cm. |
| 700 1# - ADDED ENTRY--PERSONAL NAME | |
| Personal name | Boyatzis, Richard. |
| 700 1# - ADDED ENTRY--PERSONAL NAME | |
| Personal name | McKee, Annie. |
| 856 40 - ELECTRONIC LOCATION AND ACCESS | |
| Materials specified | Amazon.com |
| Uniform Resource Identifier | <a href="http://www.amazon.com/exec/obidos/ASIN/B0038FFXC4/chopaconline-20">http://www.amazon.com/exec/obidos/ASIN/B0038FFXC4/chopaconline-20</a> |
| 942 ## - ADDED ENTRY ELEMENTS (KOHA) | |
| Institution code [OBSOLETE] | NBS |
| Koha item type | Book |
| Call number prefix | 658.4 GOL |
| Withdrawn status | Lost status | Source of classification or shelving scheme | Damaged status | Not for loan | Permanent Location | Current Location | Date acquired | Total Checkouts | Total Renewals | Full call number | Barcode | Date last seen | Date last checked out | Price effective from | Koha item type |
|---|---|---|---|---|---|---|---|---|---|---|---|---|---|---|---|
| Central Library (CL) | Central Library (CL) | 08/28/2013 | 7 | 2 | 658.4092019 GOL | NBS6086 | 06/02/2023 | 05/19/2022 | 08/28/2013 | Book |
